Prelude to Pakistan : (Record no. 129471)

MARC details
000 -LEADER
fixed length control field 00756nam a22002297a 4500
005 - DATE AND TIME OF LATEST TRANSACTION
control field 20170124110056.0
010 ## - LIBRARY OF CONGRESS CONTROL NUMBER
LC control number B-031307
020 ## - INTERNATIONAL STANDARD BOOK NUMBER
Terms of availability 425.00
International Standard Book Number 8174550339
035 ## - SYSTEM CONTROL NUMBER
System control number B-031307
037 ## - SOURCE OF ACQUISITION
Source of stock number/acquisition Cen Lib/Ret
040 ## - CATALOGING SOURCE
Original cataloging agency DPL
Language of cataloging EN
082 ## - DEWEY DECIMAL CLASSIFICATION NUMBER
Classification number 954.0841
Item number DHA
100 ## - MAIN ENTRY--PERSONAL NAME
Personal name Dhankhar, Jaiveer S.
9 (RLIN) 26465
245 ## - TITLE STATEMENT
Title Prelude to Pakistan :
Statement of responsibility, etc by Jaiveer S. Dhankhar
Remainder of title consolidation of Muslim League /
260 ## - PUBLICATION, DISTRIBUTION, ETC. (IMPRINT)
Place of publication, distribution, etc Delhi
Name of publisher, distributor, etc Sanjay Prakashan
Date of publication, distribution, etc 2000
270 ## - ADDRESS
Address 2/703, Pragati Vihar, Near Som Bazar
City Delhi
Postal code 110053
300 ## - PHYSICAL DESCRIPTION
Extent xii,212p.
Dimensions 22cm(Hb)
500 ## - GENERAL NOTE
General note Includes bibliographical references<br/><br/>
650 ## - SUBJECT ADDED ENTRY--TOPICAL TERM
Topical term or geographic name as entry element All-India Muslim League -- History
9 (RLIN) 26466
650 ## - SUBJECT ADDED ENTRY--TOPICAL TERM
Topical term or geographic name as entry element Pakistan movement
9 (RLIN) 26467
942 ## - ADDED ENTRY ELEMENTS (KOHA)
Source of classification or shelving scheme Dewey Decimal Classification
Koha item type English Books
Classification part 954.0841
Call number suffix DHA
Holdings
Withdrawn status Lost status Damaged status Not for loan Home library Current library Date acquired Source of acquisition Cost, normal purchase price Total Checkouts Full call number Barcode Date last seen Date checked out Copy number Cost, replacement price Price effective from Koha item type
        Central Library Central Library 06/07/2015 Cen Lib/Ret 425.00 1 954.0841 DHA B-031307 04/09/2017 18/08/2017 1 425.00 06/07/2015 English Books

© Delhi Public Library
Hit Counter
free hit counter